Les revenants (Record no. 155861)

MARC details
000 -LEADER
campo de control de longitud fija 00895nam a22002295i 4500
001 - NÚMERO DE CONTROL
campo de control 155861
003 - IDENTIFICADOR DE NÚMERO DE CONTROL
campo de control ES-MaACL
005 - FECHA Y HORA DE LA ÚLTIMA TRANSACCIÓN
campo de control 20251110063231.0
008 - DATOS DE LONGITUD FIJA--INFORMACIÓN GENERAL
campo de control de longitud fija 040722s1899 fr |||| | fre d
040 ## - FUENTE DE CATALOGACIÓN
Centro catalogador/agencia de origen CAM
Lengua de catalogación spa
Centro/agencia transcriptor CAM
100 1# - ENTRADA PRINCIPAL--NOMBRE DE PERSONA
Nombre de persona Ibsen, Henrik,
Fechas asociadas al nombre 1828-1906
9 (RLIN) 65031
245 14 - MENCIÓN DEL TÍTULO
Título Les revenants
Resto del título : ; Maison de poupée /
Mención de responsabilidad, etc. Henrik Ibsen ; traduits du norvégien par M. Prozor ; avec une préface d'Edouard Rod.
250 ## - MENCION DE EDICION
Mención de edición Nouvelle éd.
260 ## - PUBLICACIÓN, DISTRIBUCIÓN, ETC.
Lugar de publicación, distribución, etc. Paris :
Nombre del editor, distribuidor, etc. Perrin et C., libraires-éditeurs,
Fecha de publicación, distribución, etc. 1899 (
Lugar de fabricación/manufactura Saint-Denis :
Fabricante Imp. Bouillant)
300 ## - DESCRIPCIÓN FÍSICA
Extensión XXVI, 279, [2] p. ;
Dimensiones 18 cm.
490 1# - MENCIÓN DE SERIE
Mención de serie Librairie Academique Didier
700 0# - ENTRADA AGREGADA--NOMBRE PERSONAL
Nombre de persona Rod, Edouard.
9 (RLIN) 98088
700 1# - ENTRADA AGREGADA--NOMBRE PERSONAL
Nombre de persona Prozor, Maurice,
Fechas asociadas al nombre 1848-1928
9 (RLIN) 131390
830 0# - PUNTO DE ACCESO ADICIONAL DE SERIE-TÍTULO UNIFORME
Título uniforme Librairie Academique Didier
9 (RLIN) 188012
852 ## - LOCALIZACIÓN
Ubicación ES-MaACL
Número de control de estantería F-9494
Nota libre -- Enc. pasta española, falto de la cub. original
Holdings
Estatus retirado Estado de pérdida Estado de daño No para préstamo Colección Biblioteca de origen Biblioteca actual Ubicación en estantería Fecha de adquisición Fuente de adquisición Total de préstamos Signatura topográfica completa Código de barras Visto por última vez Precio de reemplazo Tipo de ítem Koha
        Libros del s. XIX Biblioteca del Ateneo de Madrid Biblioteca del Ateneo de Madrid Sala Pecera Planta 2 17/01/2008     F-9494 1163042 23/02/2023 23/02/2023 Libro impreso antiguo